Southville International School and Colleges
Your cart is empty.
  • Cart
  • Lists
    Public lists Eva Luna New books Lux_list list_1
    Your lists Log in to create your own lists
  • Log in to your account
  • Your cookies
  • Search history
Southville International School and Colleges
  • Advanced search
  • Recent comments
  • Most popular
  • Libraries

Log in to your account

Log in with GOOGLE


If you do not have an external account, but do have a local account, you can still log in:

  1. Home
  2. MARC view: Physics for the IB diploma :
Normal view MARC view ISBD view

Physics for the IB diploma : (Record no. 1119)

[ view plain ]
MARC details
000 -LEADER
fixed length control field 01494cam a22004697a 4500
001 - CONTROL NUMBER
control field 14431732
003 - CONTROL NUMBER IDENTIFIER
control field OSt
005 - DATE AND TIME OF LATEST TRANSACTION
control field 20151203121719.0
008 - FIXED-LENGTH DATA ELEMENTS--GENERAL INFORMATION
fixed length control field 060628s2005 enk d 000 0 eng d
010 ## - LIBRARY OF CONGRESS CONTROL NUMBER
LC control number 2006278371
015 ## - NATIONAL BIBLIOGRAPHY NUMBER
National bibliography number GBA518473
Source bnb
016 7# - NATIONAL BIBLIOGRAPHIC AGENCY CONTROL NUMBER
Record control number 013124669
Source Uk
020 ## - INTERNATIONAL STANDARD BOOK NUMBER
International Standard Book Number 0521604052 (pbk.)
020 ## - INTERNATIONAL STANDARD BOOK NUMBER
International Standard Book Number 9780521604055
035 ## - SYSTEM CONTROL NUMBER
System control number (CStRLIN)NYUGB13293523-B
035 ## - SYSTEM CONTROL NUMBER
System control number (NNU)NYUb13293523
035 ## - SYSTEM CONTROL NUMBER
System control number (OCoLC)ocm58051937
035 ## - SYSTEM CONTROL NUMBER
System control number (NYU)NYUb13293523
040 ## - CATALOGING SOURCE
Original cataloging agency UKM
Transcribing agency UKM
Modifying agency BAKER
-- NNU
-- DLC
042 ## - AUTHENTICATION CODE
Authentication code lccopycat
050 00 - LIBRARY OF CONGRESS CALL NUMBER
Classification number QC 21.3
Item number .T882 2005
082 04 - DEWEY DECIMAL CLASSIFICATION NUMBER
Classification number IB 530.22
100 1# - MAIN ENTRY--PERSONAL NAME
Personal name Tsokos, K. A.
245 10 - TITLE STATEMENT
Title Physics for the IB diploma :
Statement of responsibility, etc K.A. Tsokos.
Remainder of title standard and higher level
250 ## - EDITION STATEMENT
Edition statement 4th ed.
260 ## - PUBLICATION, DISTRIBUTION, ETC. (IMPRINT)
Place of publication, distribution, etc Cambridge :
Name of publisher, distributor, etc Cambridge University Press,
Date of publication, distribution, etc 2005.
300 ## - PHYSICAL DESCRIPTION
Extent x, 694 pages., :
Other physical details ill. ;
Dimensions 28 cm.
500 ## - GENERAL NOTE
General note "Standard and higher level"--Cover.
521 ## - TARGET AUDIENCE NOTE
Source Lexile
526 ## - STUDY PROGRAM INFORMATION NOTE
Reading level 1210L-1710L
562 ## - COPY AND VERSION IDENTIFICATION NOTE
Number of copies 3
650 #0 - SUBJECT ADDED ENTRY--TOPICAL TERM
Topical term or geographic name as entry element Physics.
650 #0 - SUBJECT ADDED ENTRY--TOPICAL TERM
Topical term or geographic name as entry element Physics
General subdivision Examinations
Form subdivision Study guides.
856 42 - ELECTRONIC LOCATION AND ACCESS
Materials specified Publisher description
Uniform Resource Identifier <a href="http://www.loc.gov/catdir/enhancements/fy0664/2006278371-d.html">http://www.loc.gov/catdir/enhancements/fy0664/2006278371-d.html</a>
856 41 - ELECTRONIC LOCATION AND ACCESS
Materials specified Table of contents only
Uniform Resource Identifier <a href="http://www.loc.gov/catdir/enhancements/fy0664/2006278371-t.html">http://www.loc.gov/catdir/enhancements/fy0664/2006278371-t.html</a>
906 ## - LOCAL DATA ELEMENT F, LDF (RLIN)
a 7
b cbc
c copycat
d 3
e ncip
f 20
g y-gencatlg
942 ## - ADDED ENTRY ELEMENTS (KOHA)
Source of classification or shelving scheme Library of Congress Classification
Koha item type Books
Holdings
Withdrawn status Lost status Source of classification or shelving scheme Damaged status Home library Current library Shelving location Date acquired Total Checkouts Total Renewals Full call number Barcode Date last seen Date checked out Copy number Price effective from Koha item type
    Library of Congress Classification   Luxembourg Library Luxembourg Library International Baccalaureate Section 04/17/2012 1 13 QC 21.3 .T882 2005 15668 06/23/2015 12/10/2014 1 04/17/2012 Books
    Library of Congress Classification   Luxembourg Library Luxembourg Library International Baccalaureate Section 06/21/2013     QC 21.3 .T882 2005 15509 08/13/2013   2 06/21/2013 Books
    Library of Congress Classification   Luxembourg Library Luxembourg Library International Baccalaureate Section 06/21/2013 3   QC 21.3 .T882 2005 15666 11/16/2018 11/08/2018 3 06/21/2013 Books
    Library of Congress Classification   Luxembourg Library Luxembourg Library International Baccalaureate Section 07/11/2013     QC 21.3 .T882 2006 15510 08/13/2013   1 07/11/2013 Books

Physics for the IB diploma :

APA

Tsokos K. A., . (2005). Physics for the IB diploma. Cambridge: Cambridge University Press.

Chicago

Tsokos K A, . 2005. Physics for the IB diploma. Cambridge: Cambridge University Press.

Harvard

Tsokos K. A., . (2005). Physics for the IB diploma. Cambridge: Cambridge University Press.

MLA

Tsokos K A, . Physics for the IB diploma. Cambridge: Cambridge University Press. 2005.

  • Place hold
  • Print
  • Cite
  • Add to your cart (remove)
  • Save record
    BIBTEX Dublin Core MARCXML MARC (non-Unicode/MARC-8) MARC (Unicode/UTF-8) MARC (Unicode/UTF-8, Standard) MODS (XML) RIS
  • More searches
    Search for this title in:
    Other Libraries (WorldCat) Other Databases (Google Scholar) Online Stores (Bookfinder.com) Open Library (openlibrary.org)

Exporting to Dublin Core...

SOUTHVILLE LIBRARY

Southville International School and Colleges Library

1281 Tropical Ave. Cor. Luxembourg St., BF Homes International, Las Pinas City

Tel. No. 8256374 / 252358 Loc. 117/146

Powered by Koha